00235nam a2200097Ia 4500008004100000041001200041082002200053100001300075245002600088650002300114231221s9999 xx 000 0 und d aEnglish a372.891 RAO;1 R aRao, M S 0aTeaching of geography aTeaching,geography